000 00571nam a2200193Ia 4500
003 GCL
008 140319s9999 xx 000 0 ara d
040 _aGCL /
_cGCL
082 0 4 _a811.9
_bك ى
100 1 _aكامل حسنى
245 1 0 _aياريت كان بأيدى: زجل (هدية من الآديب عبدالفتاح الجمل) /
_cكامل حسنى
300 _a96
490 _a
650 0 4 _aالشعر العربى
650 0 4 _aالادب العربى
650 0 4 _aالعصر الحديث
650 0 4 _aدواوين وقصائد
942 _2ddc
_cBK
999 _c40297
_d40297